00269 a2200121 4500001000700000020000600007040001100013100003200024240003200056245002700088362000900115440002300124175690 a  cMagnum aMagalhaes, Solange Maria de10aNosso estado no brasillpor10aNosso estado no brasil0 a1899 1aAo Livro Técnico